• 首页
  • 本馆介绍
  • 公告通知
  • 最新文献
  • 馆藏检索
  • 电子资源
  • 读者导购
  • 参考咨询
  • 我的图书馆
  • 登录
  • 详细信息显示
  • 放入我的书架
  • 预约/预借图书
  • 作者相关作品
  • 分类相关作品
  • 丛书相关作品
  • 出版社相关作品

书目信息

  • 表格格式
  • 工作单格式
  • 卡片格式
题名:
分离工程
    
 
作者: 袁惠新 主编
分册:  
出版信息: 北京   中国石化出版社  2002.01
页数: 627页
开本: 26cm
丛书名:
单 册:
中图分类: TQ028
科图分类:
主题词: 分离--fen li--化工过程
电子资源:
ISBN: 7-80164-159-0
000 00814nam0 2200253 450
001 0104000024
005 20051124115123.1
010    @a7-80164-159-0@dCNY70.00
100    @a20081129d2002 ekmy0chiy0120 ea
101 0  @achi
102    @aCN@b110000
105    @ay z 000yy
106    @ar
200 1  @a分离工程@AFen Li Gong Cheng@f袁惠新主编@FYuan Hui Xin Zhu Bian
210    @a北京@c中国石化出版社@d2002.01
215    @a627页@d26cm
330    @a本书全面系统地介绍了分离工程的原理、设备及分离过程的设计。全书共分: 总论、机械分离过程、传质分离过程和分离过程的分析和设计四篇。
510 1  @aSeparation engineering@zeng
606 0  @a分离@Afen li@x化工过程
690    @aTQ028@v4
701  0 @a袁惠新@AYuan Hui Xin@4主编
801  0 @aCN@bHTDF@c20081129
905    @aBZT@dTQ028@e2@f5
906    @dCNY70.00@n0@r1
    
    分离工程/袁惠新主编.-北京:中国石化出版社,2002.01
    627页;26cm
    
    
    ISBN 7-80164-159-0:CNY70.00
    本书全面系统地介绍了分离工程的原理、设备及分离过程的设计。全书共分: 总论、机械分离过程、传质分离过程和分离过程的分析和设计四篇。
●
相关链接 在五车中查询图书 在当当中查询图书 在豆瓣中查询图书


正题名:分离工程     索取号:TQ028/2         预约/预借

序号 登录号 条形码 馆藏地/架位号 状态 备注
1 722952   2000722952   中心书库中库/ 中库026架A面5列2层35/ [索取号:TQ028/2] 在馆    
2 722953   2000722953   中心书库中库/ 中库026架A面5列2层37/ [索取号:TQ028/2] 在馆    
3 722954   2000722954   中心书库中库/ 中库026架A面5列2层34/ [索取号:TQ028/2] 在馆    
4 722955   2000722955   中心书库中库/ 中库026架A面5列2层36/ [索取号:TQ028/2] 在馆    
5 722956   2000722956   中心书库中库/ 中库026架A面5列2层33/ [索取号:TQ028/2] 在馆    
山东省滨州职业学院图书馆 欢迎您!
大连网信软件有限公司© 版权所有